| 000 | 00657nam a2200241 a 4500 | ||
|---|---|---|---|
| 001 | 17891 | ||
| 003 | BD-RjUL | ||
| 005 | 20211209000216.0 | ||
| 008 | 140219r19531926 000 0 eng d | ||
| 035 | _a(BD-RjUL)17949 | ||
| 035 | _a(BD-RjUL) | ||
| 040 |
_aVCAV _beng _cVCAV _dNU _dBD-RjUL |
||
| 041 | _aeng | ||
| 082 | 0 | 4 |
_a811.5 _bGIP |
| 100 | 1 |
_aGibran, Kahlil, _d1883-1931. _955208 |
|
| 245 | 1 | 4 | _aThe prophet / |
| 250 | _a[Pocket ed.]. | ||
| 260 |
_aLondon : _bHeinemann, _c1926 [reprinted 1953] |
||
| 300 |
_a92 p : _bfront. (port.) ; _c14 cm. |
||
| 500 | _aFirst published in this edition, 1927. | ||
| 942 |
_2ddc _cBK |
||
| 999 |
_c17891 _d17891 |
||